MARC

LEADER 00000nam0a2200000 4500
001 263466
005 20231101233736.0
035 |a (RuTPU)RU\TPU\book\286451 
090 |a 263466 
100 |a 20140609d1986 k y0rusy50 ca 
101 0 |a rus 
102 |a RU 
105 |a a z 001zy 
200 1 |a Методы обработки сигналов и полей  |e сборник научных трудов  |f Ульяновский политехнический институт 
210 |a Саратов  |c Саратовский политехнический ин-т  |d 1986 
215 |a 80 с.  |c ил. 
320 |a Библиография в конце статей 
606 1 |a Изображения  |x Обработка на вычислительных машинах  |2 stltpush  |3 (RuTPU)RU\TPU\subj\12289  |9 39100 
610 1 |a марковские поля 
610 1 |a тензорные модели 
610 1 |a многомерные сетки 
610 1 |a случайные поля 
610 1 |a рекуррентное оценивание 
610 1 |a непрерывные случайные поля 
610 1 |a винеровское оценивание 
610 1 |a интерполяция 
610 1 |a информация 
610 1 |a передача 
610 1 |a каналы 
610 1 |a нелинейная фильтрация 
610 1 |a разрывные сигналы 
610 1 |a погрешности 
675 |a 621.397:681.3.01  |v 3 
712 0 2 |a Ульяновский политехнический институт  |2 stltpush  |3 (RuTPU)RU\TPU\col\5341  |9 24084 
801 1 |a RU  |b 63413507  |c 20140609 
801 2 |a RU  |b 63413507  |c 20150403  |g RCR 
942 |c BK